000 01526nam a2200241Ia 4500
003 Ost
005 20260507075235.0
008 260507s9999||||xx |||||||||||||| ||und||
020 _a885899479
040 _cfsecg
041 _aara
082 _a330
100 _aقدي، عبد المجيد
_eمؤلف
_912
245 0 _aأسس البحث العلمي في العلوم الاقتصادية و الادارية :
_bالرسائل و الاطروحات /
_c عبد المجيد قدي
260 _aالجزائر:
_bدار الابحاث,
_c2009
300 _a279 صفحة؛
_bإيضاحات ؛
_c24 سم
504 _aمراجع ص.255 ؛ ملاحق ص.259
520 _aالبحث العلمي : المفهوم الانواع و الخصائص ، الباحث و مواصفاته ، مناهج البحث العلمي ، أنزاع البحوث الجامعية و مواصفاتها ، الاشراف على البحوث الجامعية ، العينات و استخداماتها في البحث العلمي ، أدوات جمع المعلومات الاولية ، الادوات الاحصائية المستخدمة في البحث ، خطوات كتابة البحث العلمي ، الهوامش و استخداماتها ، جوانب فنية في كتابة البحث العلمي ، تقويم البحوث الجامعية و مناقشاتها.
653 _aالبحث العلمي
653 _aالعلوم الادارية
653 _aالعلوم الاقتصادية
942 _cكتاب
999 _c43579
_d43579